Biblioteca

Jóvenes amando hoy : (Registro nro. 43384)

Detalles MARC
000 -LÍDER
Campo fijo de descripción fija 01508aam a2200289 i 4500
001 - NÚMERO DE CONTROL
Campo de control 768714001
003 - IDENTIFICADOR DEL NÚMERO DE CONTROL
Campo de control CO-MdFUSB
005 - FECHA Y HORA DE LA ULTIMA TRANSACCIÓN
control field 20250826143722.0
007 - CAMPO FIJO DE DESCRIPCIÓN FIJA--INFORMACIÓN GENERAL
Campo fijo de descripción fija ta
008 - ELEMENTOS DE LONGITUD FIJA -- INFORMACIÓN GENERAL
Campo fijo de descripción fija -- Información general 250826t2006 ck |||| |||| 00| 0 spa d
040 ## - FUENTE DE CATALOGACIÓN
Agencia que realiza la transcripción CO-MdFUSB
041 0# - CÓDIGO DE IDIOMA
Código de idioma para texto/pista de sonido o título separado spa
082 04 - NÚMERO DE CLASIFICACIÓN DECIMAL DEWEY
Número de la edición del Dewey 23
Número de clasificación 248.844
Clave de autor-Numero de item G215j
100 1# - ASIENTO PRINCIPAL--NOMBRE PERSONAL
Nombre personal García Rodríguez, Gloria Esperanza
Término relacionador autor
245 10 - TÍTULO
Título del Material Jóvenes amando hoy :
Parte restante del título - Subtitulo actuales componentes del amor de pareja en mujeres y hombres jóvenes
Mención de responsabilidad, etc. / Gloria Esperanza García Rodríguez
264 #1 - PRODUCCIÓN, PUBLICACIÓN, DISTRIBUCIÓN, MANUFACTURA, Y COPYRIGHT
Nombre del productor, publicador, distribuidor Visión Mundial,
Lugar de producción, publicación, distribución, manufactura Colombia :
Fecha de producción, publicación, distribución, manufactura, o copyright [2006]
264 #4 - PRODUCCIÓN, PUBLICACIÓN, DISTRIBUCIÓN, MANUFACTURA, Y COPYRIGHT
Fecha de producción, publicación, distribución, manufactura, o copyright ©2006
300 ## - DESCRIPCIÓN FÍSICA
Extensión 88 páginas
336 ## - TIPO DE CONTENIDO
Término de tipo de contenido texto
Código de tipo de contenido txt
Fuente rdacontent
337 ## - TIPO DE MEDIO
Fuente rdamedia
Nombre del tipo de medio sin mediación
Código del tipo de medio n
338 ## - TIPO DE SOPORTE
Fuente rdacarrier
Nombre del tipo de soporte volumen
Código Tipo de soporte nc
505 ## - NOTA DE CONTENIDO
Nota de contenido con formato preestablecido Una revisión teórica: Perspectivas sociológica, teológica, filosófica, psiquiátrica, psicológica. -- Teorías psicofisiológicas, conductuales, cognitivas, clínicas, sociales. -- Aportes teóricos generados en Latinoamérica en general y en Colombia en particular. -- Acercamientos y resultados: Componentes físicos del amor: material, sexual. -- Componentes psicológicos del amor: cognitivo, emocional; Componentes sociales del amor: relacional, comunicacional, familiar. -- Componente Espiritual del amor. -- Aprendizajes resultantes del amor. -- Componentes indispensables del amor. -- Análisis de resultados. -- Conclusiones.
563 ## - NOTA DE ENCUADERNACIÓN
Nota de encuadernación Rústico
650 #7 - ASIENTO SECUNDARIO DE MATERIA - TERMINO TEMÁTICO
Término temático o nombre geográfico como elemento de entrada Matrimonio
Subdivisión general Aspectos religiosos
Término temático que sigue al nombre geográfico como elemento de entrada Cristianismo
9 (RLIN) 291
942 ## - TIPO DE MATERIAL (KOHA)
Tipo de Item KOHA Libros General
945 ## - INFORMACIÓN LOCAL DEL REGISTRO
Catalogador JTF-925
Existencias
Estado de Material Estado de Perdido Estado de Dañado No para Préstamo Colección Tomo Biblioteca de Origen Biblioteca Permanente Fecha de Adquisición Total de Préstamos Total de Renovaciones Signatura Topográfica Código de Barras Última vez visto Última vez Préstado Ejemplar/Existencia Fecha de Remplazo Tipo de Material
        Colección General   Biblioteca FUSBC Biblioteca FUSBC 31/08/2007 2 2 G 248.844 G215j 16567 24/02/2020 30/01/2020 1 26/01/2016 Libros General
        Colección General   Biblioteca FUSBC Biblioteca FUSBC 31/08/2007     G 248.844 G215j 16568 14/10/2021   2 26/01/2016 Libros General

Biblioteca FUSBC | Teléfono: (57+4) 349 88 10 Ext. 141| WhatsApp (+57) 3005338115 
E-mail: biblioteca@unisbc.edu.co | Calle 76 87-14 Robledo Palenque, Medellín, Colombia

Con tecnología Koha